000 00513nam a2200181Ia 4500
999 _c11203
_d11203
003 OSt
005 20191231114257.0
008 190216s9999||||xx |||||||||||||| ||und||
020 _a9788120314986
040 _coclc
082 _a515.42
_bBAS/M
100 _aBasu, A K
_9948
245 0 _aMeasure Theory And Probability /
_cA K Basu
260 _bPhi Learning Private Ltd,
_c2010.
_aNew Delhi:
300 _a223p
650 _aEconomics
942 _cBK
_2ddc
_h515.42
_iBAS/M
_k515.42
_mBAS/M